000 03459cam a22012854i 4500
003 PE-LiUPU
005 20250813185630.0
008 150706s2009 sp r 000 0 spa d
020 _a9788493619466
035 _a(Sirsi) i9788493619466
040 _aPE-LiUPU
_bspa
_cPE-LiUPU
_erda
049 _aPRUA
082 0 4 _a364.1323
_bP45
_221
100 1 _aPerkins, John,
_eautor.
245 1 3 _aLa historia secreta del imperio americano :
_bgánsteres económicos, asesinos a sueldo y toda la verdad sobre la corrupción global /
_cJohn Perkins ; [traducción, Javier Fernández de Castro].
264 1 _aBarcelona :
_bTendencias,
_c2009.
300 _a445 páginas ;
_c23 centímetros
336 _atext
_2rdacontent
337 _aunmediated
_2rdamedia
338 _avolume
_2rdacarrier
490 0 _aTendencias
500 _aTraducción de: The secret history of the american empire .
505 0 _aAsia -- Latinoamérica -- Oriente medio -- África -- Cambiar el mundo -- Organizaciones citadas en este libro -- Puntos de acceso a Living Democracy -- Lecturas recomendadas.
526 _aP202
526 _aP201
526 _aP163
526 _aP162
526 _aP161
526 _aP160
526 _aP148
526 _aP147
526 _aP146
526 _aP145
526 _aP144
526 _aP143
526 _aP142
526 _aP141
526 _aP140
526 _aP139
526 _aP138
526 _aP137
526 _aP136
526 _aP135
526 _aP134
526 _aP133
526 _aP129
526 _aP128
526 _aP127
526 _aP120
526 _aP119
526 _aP118
526 _aP116
526 _aP115
526 _aP114
526 _aP110
526 _aP109
526 _aP108
526 _aP104
526 _aP103
526 _aP102
526 _aP99
526 _aP98
526 _aP97
526 _aP96
526 _aP95
526 _aP93
526 _aP90
526 _aP89
526 _aP88
526 _aP83
526 _aP82
526 _aP62
526 _aP59
526 _aP58
526 _aP57
526 _aP51
526 _aP49
526 _aP48
526 _aP47
526 _aP29
526 _aP24
526 _aP20
526 _aP19
526 _aP17
526 _aP15
526 _aP14
526 _aP12
526 _aP10
526 _aP09
526 _aP08
526 _aP07
526 _aP06
526 _aP05
526 _aP04
526 _aP01
541 _g0001-001525;
630 _aMultinacionales
_xPrácticas corruptas.
630 _aInversiones norteamericanas
_xPaíses en desarrollo.
630 _aGlobalización.
630 _aImperialismo
_zEstados Unidos.
651 _aEstados Unidos
_xRelaciones económicas exteriores
651 _aEstados Unidos
_xRelaciones exteriores
_y2001-2009.
700 1 _aFernández de Castro, Fernando,
_etrad.
910 _cbd
942 _2ddc
_cBOOK
949 _a364.1323 P45
_wDEWEY
_c1
_i68372
_lCCODEBUL1
_mBUL
_p32.00
_r0
_sY
_tBOOK
_u2015-7-6
_xFCE
_PP04
_o.STAFF. Colección General
994 _aC0
_bPEPRU
596 _a1
999 _a364.1323 P45
_wDEWEY
_c55772
_i68372
_f2021-11-5
_g6
_lCCODEBUL1
_mBUL
_p32.00
_r0
_sY
_tBOOK
_u2015-7-6
_xBIBLIOTECA
_PP04
_0COMPRA
_o.STAFF. Colección General
_d55772
980 _81
_gALBERTO SANCHEZ Responsable de Automatización